ABBA - Chansons dans Mamma Mia #2 - Statistiques

Statistiques générales
  • Ce quiz a été pris 90 fois
  • Le résultat moyen est 13 sur 17
Answers on the Grid
Answers color-coded by a green-red scale on the quiz's grid according to % correct below.
Andante, Andante
Angel Eyes
As Good as New
Disillusion
Elaine
Fernando
Gimme! Gimme! Gimme! (A Man After Midnight)
Hole in Your Soul
Honey, Honey
I Have a Dream
I Let the Music Speak
If It Wasn't for the Nights
Kisses of Fire
Knowing Me, Knowing You
Me and I
Move On
One of Us
Our Last Summer
Put On Your White Sombrero
Ring Ring
Sitting in the Palmtree
Slipping Through My Fingers
SOS
Thank You for the Music
The Name of the Game
Voulez-Vous
Waterloo
When I Kissed the Teacher
 
Statistiques - réponses
Réponse % Correct
Fernando
90%
Gimme! Gimme! Gimme! (A Man After Midnight)
88%
Honey, Honey
86%
I Have a Dream
86%
Voulez-Vous
84%
Waterloo
84%
Knowing Me, Knowing You
83%
SOS
83%
Slipping Through My Fingers
81%
Angel Eyes
79%
Thank You for the Music
79%
Our Last Summer
77%
Andante, Andante
75%
When I Kissed the Teacher
73%
The Name of the Game
66%
One of Us
62%
Kisses of Fire
55%
Aucun quiz correspondant
Distribution des résultats
% des personnes avec chaque résultat
Percentile par nombre de réponses
Votre historique - résultats
Vous n’avez pas pris ce quiz